Anar al contingut

Современные задачи динамики сооружений учебное пособие

В пособии рассматриваются колебания системы с одной степенью свободы и решения, необходимые при расчетах на прочность. Исследуются колебания системы с двумя степенями свободы, дается оценка прочности, приводится расчет конструкций с распределенными параметрами. В пособии обращено внимание не только...

Descripció completa

Guardat en:
Dades bibliogràfiques
Autor principal: Аллахвердов Б. М.
Altres autors: Рыбина И. И., Трощенков Э. Д.
Format: Книга
Idioma:Russian
Publicat: Санкт-Петербург ПГУПС 2017
Accés en línia:https://e.lanbook.com/book/111749
https://e.lanbook.com/img/cover/book/111749.jpg
Etiquetes: Afegir etiqueta
Sense etiquetes, Sigues el primer a etiquetar aquest registre!
LEADER 02966nam0a2200289 i 4500
001 111749
003 RuSpLAN
005 20221220174019.0
008 221220s2017 ru gs 000 0 rus
020 |a 978-5-7641-1089-9 
040 |a RuSpLAN 
041 0 |a rus 
044 |a ru 
080 |a 624.01/07 
084 |a 38.712  |2 rubbk 
245 0 0 |a Современные задачи динамики сооружений  |b учебное пособие  |c Аллахвердов Б. М.,Рыбина И. И.,Трощенков Э. Д. 
260 |a Санкт-Петербург  |b ПГУПС  |c 2017 
300 |a 62 с. 
504 |a Библиогр.: доступна в карточке книги, на сайте ЭБС Лань 
520 8 |a В пособии рассматриваются колебания системы с одной степенью свободы и решения, необходимые при расчетах на прочность. Исследуются колебания системы с двумя степенями свободы, дается оценка прочности, приводится расчет конструкций с распределенными параметрами. В пособии обращено внимание не только на динамический расчет, где статическое влияние дополняется коэффициентами динамики, но и на изменение механических характеристик материала при увеличении скорости нагружения.Пособие предназначено для студентов, изучающих дисциплины Б1.В.ОД.2 «Современные задачи динамики сооружений» по магистерским программам, «Проектирование зданий и сооружений в районах с особыми природно-климатическими условиями и техногенными воздействиями» и «Методы расчета и проектирования комбинированных строительных конструкций зданий и сооружений». Может быть использовано студентами и аспирантами при выполнении курсовых и дипломных работ, в которых особое внимание уделяется прочностным расчетам. 
521 8 |a Книга из коллекции ПГУПС - Инженерно-технические науки 
100 1 |a Аллахвердов Б. М. 
700 1 |a Рыбина И. И. 
700 1 |a Трощенков Э. Д. 
856 4 |u https://e.lanbook.com/book/111749 
856 4 8 |u https://e.lanbook.com/img/cover/book/111749.jpg 
953 |a https://e.lanbook.com/img/cover/book/111749.jpg